000 01238cam a22002531i 4500
003 SA-RiAUC
005 20260419140511.0
008 260111q19001999xx g 000 0 ara c
040 _aSA-MaHRM
_bara
_cSA-RiAUC
_erda
082 0 4 _a260
_qSA-RiAUC
090 _aم ن 260
_bك م ش
100 1 _aالكمشخانوي، أحمد بن مصطفى بن عبد الرحمن،
_d1227-1311 هجري
_eمؤلف.
245 1 0 _aجامع الأصول في الأولياء وأنواعهم وأوصافهم وأصول كل طريق ومهمات المريد وشروط الشيخ وكلمات الصوفية واصطلاحهم وأنواع التصوف ومقاماتهم /
_cأحمد الكمشخانوي النقشبندي.
264 1 _a[مكان النشر غير محدد] :
_b[الناشر غير محدد]،
_c[بين 1900 و1999]
300 _a266 صفحة ؛
_c29 سم
336 _aنص
_btxt
_2rdacontent
_3كتاب
337 _aبدون وسيط
_bn
_2rdamedia
338 _aمجلد
_bnc
_2rdacarrier
650 7 _aالتصوف الإسلامي
_2aucsh
650 7 _aالطرق الصوفية
_2aucsh
650 7 _aالأئمة والأولياء
_2aucsh
942 _2ddc
_cRBOOK COPY
_n0
949 _aSA-JeALM
_d260111
_umohamedma123
_n1
999 _c14831
_d14831